Planning appeals (Record no. 109824)

MARC details
000 -LEADER
fixed length control field 02369cad a22002895a 4500
001 - CONTROL NUMBER
control field E147979
008 - FIXED-LENGTH DATA ELEMENTS--GENERAL INFORMATION
fixed length control field 090708s2009 stk f s000 0 eng d
020 ## - INTERNATIONAL STANDARD BOOK NUMBER
International Standard Book Number 9780755975730
022 1# - INTERNATIONAL STANDARD SERIAL NUMBER
International Standard Serial Number 0141-514X
035 ## - SYSTEM CONTROL NUMBER
System control number (Sirsi) u147979
041 0# - LANGUAGE CODE
Language code of text/sound track or separate title eng
050 04 - LIBRARY OF CONGRESS CALL NUMBER
Classification number 711.1 $2 18
110 2# - MAIN ENTRY--CORPORATE NAME
Corporate name or jurisdiction name as entry element Scotland
Subordinate unit Scottish Government
9 (RLIN) 5344
245 04 - TITLE STATEMENT
Title Planning appeals
Remainder of title planning circular 6 2009
Medium [electronic resource]
260 ## - PUBLICATION, DISTRIBUTION, ETC.
Place of publication, distribution, etc. Edinburgh
Name of publisher, distributor, etc. Scottish Government
Date of publication, distribution, etc. 2009
490 #0 - SERIES STATEMENT
Series statement Planning Circular
Volume/sequential designation (6/2009)
505 2# - FORMATTED CONTENTS NOTE
Formatted contents note Introduction -- Scope of the regulations -- Planning appeal process: the Notice of Appeal; intimation to planning authority; planning authority response; notification to interested parties; deadlines for provision of statements and other evidence; matters which may be raised in an appeal; procedure for determination; further evidence; site inspections; pre-examination meetings; written submissions; hearing sessions; inquiry sessions; new evidence -- Appeals under Sections 130(2) enforcement notices, 169(1) tree replacement notices and 180(2) amenity notice appeals: statement of appeal; intimation to the planning authority and response ; notification to other parties -- Appeals under Section 154 Certificates of lawful use or development -- Called-in applications and non-delegated appeals -- General provisions: further copies of documents; compliance with development management procedures; appointment of assessors; decision notice; electronic communication -- Transitional provisions
520 ## - SUMMARY, ETC.
Summary, etc. Accompanies The Town and Country Planning (Appeals) (Scotland) Regulations 2008, which sets out procedures for planning appeals within the framework provided in the primary legislation. This circular is aimed at giving overview of the new procedures for planning appeals, setting out how the requirements contained in the Planning etc. (Scotland) Act 2006 and the Regulations fit together.
521 ## - TARGET AUDIENCE NOTE
Target audience note Advanced
590 ## - LOCAL NOTE (RLIN)
Local note KA
650 24 - SUBJECT ADDED ENTRY--TOPICAL TERM
Topical term or geographic name entry element TOWN AND COUNTRY PLANNING (APPEALS) (SCOTLAND) REGULATIONS 2008
650 24 - SUBJECT ADDED ENTRY--TOPICAL TERM
Topical term or geographic name entry element PLANNING ETC. (SCOTLAND) ACT 2006
651 #4 - SUBJECT ADDED ENTRY--GEOGRAPHIC NAME
Geographic name Scotland
Chronological subdivision 1999-
690 ## - LOCAL SUBJECT ADDED ENTRY--TOPICAL TERM (OCLC, RLIN)
Topical term or geographic name as entry element ENVIRONMENTAL AND LAND CONSULTANCY-PLANNING AND DEVELOPMENT-PLANNING GUIDANCE
856 40 - ELECTRONIC LOCATION AND ACCESS
Uniform Resource Identifier <a href="https://www.scotland.gov.uk/Publications/2009/07/03100023/0">https://www.scotland.gov.uk/Publications/2009/07/03100023/0</a>
Public note View the circular free of charge at www.scotland.gov.uk...
942 ## - ADDED ENTRY ELEMENTS (KOHA)
Suppress in OPAC 0
Holdings
Withdrawn status Lost status Source of classification or shelving scheme Damaged status Not for loan Home library Current library Shelving location Date acquired Total Checkouts Full call number Barcode Date last seen Copy number Price effective from Koha item type
    Dewey Decimal Classification     Virtual Virtual Online 08/07/2009   ONLINE PUBLICATION 147979-2001 06/08/2019 1 06/08/2019 Book